000 00648nam a2200253 i 4500
001 C2-0119040
003 PPAK
005 20180727111647.0
008 970802s1986 enk |||| ||||| | eng d
020 _a0862872715
040 _aPPAK
_beng
_cPPAK
_erda
082 0 4 _a967.3040924
_223
090 0 0 _a967.3040924
_bDIX
_dG
100 1 _aDixon, Glen,
_eauthor
245 1 0 _aHostage
264 1 _aLondon :
_bColumbus Books ,
_c1986
300 _a189 pages ;
_c24 cm
336 _2rdacontent
_atext
337 _2rdamedia
_aunmediated
338 _2rdacarrier
_avolume
650 1 0 _aAngola - History - 1975
700 _eauthor
942 _ddc
_cB
999 _c32745
_d32745